Guess the Country by Its Coat of Arms #1 - Statistics

General Stats
  • This quiz has been taken 7 times
  • The average score is 13 of 16
Answer Stats
Picture Answer % Correct
Australia
100%
China
100%
Iraq
100%
Thailand
100%
United Kingdom
100%
Uruguay
100%
Bulgaria
80%
Canada
80%
Georgia
80%
India
80%
Japan
80%
Panama
80%
Saudi Arabia
80%
Chad
60%
Ghana
40%
Finland
20%
No matching quizzes found
Score Distribution
Percent of People with Each Score
Percentile by Number Answered
Your Score History
You have not taken this quiz